El niño de 7 y 8 años /

Guardado en:
Autor Principal: Gesell, Arnold
Formato: Libro
Publicado: Buenos Aires : Paidos, 1967
Edición:4a. ed.
Materias:
Etiquetas: Agregar Etiqueta
Sin Etiquetas, Sea el primero en etiquetar este registro!
LEADER 00790nam a22002055a 4500
001 CEM.cems002857
008 130507s1967##################000#0#####d
005 20241220103126.0
245 1 0 |a El niño de 7 y 8 años /  |c Arnold Gesell 
250 |a 4a. ed. 
260 |a Buenos Aires :  |b Paidos,  |c 1967 
300 |a 100 p. 
505 0 |a EL NINO DE 11 ANOS:Madurez,conducta,emociones,el YO en el crecimiento, relac. interpersonales,actividades e intereses,vida escolar, sentido etico,imagen del mundo>.EL NINO DE 12 ANOS: desarrolla los mismos items. 
100 1 |a Gesell, Arnold 
082 0 4 |a 136.7 
653 |a Niños-conducta 
653 |a Psicologia del niño-7 y 8 años 
653 |a Psicologia evolutiva 
653 |a Psicopedagogia 
859 |a CEMS  |b BIB. CEMS - 11 de abril  |h 136.7  |i G33-3  |p 473.73  |t Ej.2